| 000 | 00414nam a2200181Ia 4500 | ||
|---|---|---|---|
| 001 | 7409 | ||
| 005 | 20260306160453.0 | ||
| 008 | 260306t2008||||xx |||||||||||||| ||spa|| | ||
| 041 | _aESP | ||
| 082 |
_a338.951 _bE61 2008 |
||
| 100 |
_aEngardio, Pete _eAUT |
||
| 245 | 0 | _aChindia texto impreso | |
| 260 | _c2008 | ||
| 300 |
_a384 páginas : _ccm. |
||
| 650 | _aGEN | ||
| 654 | _aCAN | ||
| 942 |
_cLIB _dJUS _fJUS _2ddc _n |
||
| 999 |
_c7409 _d7409 |
||